Surveys in combinatorics, 1997 /

Guardado en:
Autor Corporativo: British Combinatorial Conference
Otros Autores: Bailey, R. (Editor )
Formato: Libro
Idioma:English
Publicado: Cambridge : Cambridge University Press, 1997.
Series:London Mathematical Society lecture note series ; 241
Materias:
Etiquetas: Agregar Etiqueta
Sin Etiquetas, Sea el primero en etiquetar este registro!
LEADER 01528nam a22002295a 4500
001 MAT.inmabb000010
008 970826s1997####enk######b####001#0#eng#d
005 20160318160108.0
245 0 0 |a Surveys in combinatorics, 1997 /  |c edited by R. A. Bailey. 
260 |a Cambridge :  |b Cambridge University Press,  |c 1997. 
300 |a xiii, 338 p. :  |b il. ;  |c 23 cm. 
440 0 |a London Mathematical Society lecture note series ;  |v 241 
500 |a Papers from the Sixteenth British Combinatorial Conference, held in July 1997 at Queen Mary and Westfield College, University of London. 
504 |a Includes bibliographical references and indexes. 
505 0 |a J. H. Conway, $M_{13}$ -- Keith Edwards, The harmonious chromatic number and the achromatic number -- Clement Lam [Clement Wing Hong Lam], Computer construction of block designs -- Cheryl E. Praeger, Finite quasiprimitive graphs -- B. A. Reed, Tree width and tangles: a new connectivity measure and some applications -- Alexander Schrijver, Minor-monotone graph invariants -- T. Szönyi, Some applications of algebraic curves in finite geometry and combinatorics -- William T. Trotter, New perspectives on interval orders and interval graphs -- Dominic Welsh, Approximate counting. 
510 4 |a MR,  |c 98e:05002 
020 |a 0521598400 
711 2 |a British Combinatorial Conference  |n (16ª :  |d 1997 :  |c University of London) 
700 1 |a Bailey, R.  |q (Rosemary)  |4 edt 
084 |a 05-06  |2 msc2000 
653 0 |a Combinatorial mathematics 
859 |h 05  |i Su963-1997  |p A-7708  |b BIB. MATEMATICA